01388nam a2200313 a 4500001001000000003000900010005001700019007000300036008004100039020001500080040002500095082001900120100004000139245010100179260003500280300002800315500007000343504003200413590002600445650003200471650006000503710005200563910003800615942001300653952011600666952012200782952015500904999001501059000007216DO-SdBNP20240307073941.0ta090907s2002 dr a 000 0 spa d a9993461083 aDO-SdBNPbspacBNPHU 4a 616.84bF359e1 aFermín Sánchez, Sonia de92002010aExamen neurológico práctico :bsu interpretación clínica /cSonia Fermín De Sánchez. aSanto Domingo :bINTEC,c2002. a129 p. :bil. ;c24 cm. aIncluye datos biográficos del autor en la solapa de la cubierta aBibliográfia : p. 127-129 aInventariado, 2018/LP14aExamen neurológico92002114aEnfermedades del sistema nerviosoxDiagnóstico9200222 aInstituto Tecnológico de Santo Domingo978911 aValidado. Control de calidad. MFF 2ddccLF1 00102ddc51708PDaBNPHUbPDcHDd2009-09-07l0oBNPHU PD 616.84 F359ep7216-10r2020-06-25w2020-06-25yLFPD 00102ddc51708PDaBNPHUbPDcHDd2009-09-07l0oBNPHU PD 616.84 F359ep7216-20r2020-06-25te. 2w2020-06-25yLFPD 00102ddc56708DSaBNPHUbDOcHDd2020-10-09e Donado / Luciano Martínez P. l0oBNPHU DS 616.84 F359ep7216-30r2020-10-09te.3w2020-10-09yLFDS c6997d6997